Sanskrit sources of indian history volume-3; (Record no. 210515)

MARC details
000 -LEADER
fixed length control field 00789nam a22002537a 4500
005 - DATE AND TIME OF LATEST TRANSACTION
control field 20250326125336.0
010 ## - LCCN (DPL NO)
LC control number ENG-144265
020 ## - INTERNATIONAL STANDARD BOOK NUMBER
Terms of availability 00.00
International Standard Book Number 978819230967
035 ## - SYSTEM CONTROL NUMBER
System control number EN-127797
037 ## - SOURCE OF ACQUISITION
Source of stock number/acquisition DBAD
082 ## - DEWEY DECIMAL CLASSIFICATION NUMBER
Classification number 954.00882971
100 ## - MAIN ENTRY--PERSONAL NAME
Personal name Bhat, shripad
245 a# - TITLE STATEMENT
Title Sanskrit sources of indian history volume-3;
Statement of responsibility, etc Shripad bhat
Remainder of title Proceeding of the national seminar held on 7th-8th february 2013/
250 ## - EDITION STATEMENT
Edition statement 1
260 ## - PUBLICATION, DISTRIBUTION, ETC. (IMPRINT)
Place of publication, distribution, etc Pune
Name of publisher, distributor, etc Tilak maharashtra vidyapeeth
Date of publication, distribution, etc 2015
270 ## - ADDRESS
Address Vidyapeeth bhavan, Gultekadi
City Pune
Postal code 411037
300 ## - PHYSICAL DESCRIPTION
Extent 421p.
Dimensions 22.2cm(Hb)
490 ## - SERIES STATEMENT
Volume number/sequential designation 3
650 ## - SUBJECT ADDED ENTRY--TOPICAL TERM
Topical term or geographic name as entry element Instrumentation
650 ## - SUBJECT ADDED ENTRY--TOPICAL TERM
Topical term or geographic name as entry element Instrumentation
700 ## - ADDED ENTRY--PERSONAL NAME
9 (RLIN) 19797
700 ## - ADDED ENTRY--PERSONAL NAME
Personal name Mani, V.S.
9 (RLIN) 19798
942 ## - ADDED ENTRY ELEMENTS (KOHA)
Source of classification or shelving scheme Dewey Decimal Classification
Item type English Books
Classification part 954.00882971
Call number suffix BHA
Holdings
Withdrawn status Lost status Not for loan Collection code Home library Current library Date acquired Source of acquisition Cost, normal purchase price Full call number Barcode Copy number Cost, replacement price Koha item type
      Non-fiction Sarojini Nagar Sarojini Nagar 26/03/2025 DBAD 500.00 954.00882971 BHA EN-127797 1 500.00 English Books

© Delhi Public Library
Hit Counter
free hit counter